[Event "45th FIDE Chess Olympiad Open"]
[Site "Budapest, Hungary"]
[Date "2024.09.20"]
[Round "9"]
[White "Dacres, Don"]
[Black "El, Rozak"]
[Result "0-1"]
[Board "322"]
[WhiteFideId "8800820"]
[BlackFideId "15800113"]
[WhiteTitle "CM"]
[WhiteElo "1863"]
[BlackElo "1514"]
[WhiteTeam "Bermuda"]
[BlackTeam "Cambodia"]
[WhiteClock "0:55:55"]
[BlackClock "1:28:51"]
[Variant "Standard"]

1. c4 {[%clk 1:30:59]}  d6 {[%clk 1:30:36]} 2. g3 {[%clk 1:31:21]}  Nf6 {[%clk 1:30:56]} 3. Bg2 {[%clk 1:31:27]}  g6 {[%clk 1:30:56]} 4. Nc3 {[%clk 1:31:41]}  Bg7 {[%clk 1:31:18]} 5. Nf3 {[%clk 1:31:28]}  O-O {[%clk 1:31:40]} 6. O-O {[%clk 1:31:35]}  c6 {[%clk 1:32:01]} 7. e4 {[%clk 1:31:43]}  Bg4 {[%clk 1:32:08]} 8. h3 {[%clk 1:31:31]}  Bd7 {[%clk 1:32:25]} 9. d4 {[%clk 1:31:48]}  h6 {[%clk 1:32:18]} 10. Be3 {[%clk 1:31:53]}  Re8 {[%clk 1:32:36]} 11. e5 {[%clk 1:31:27]}  Nh7 {[%clk 1:32:56]} 12. Qd2 {[%clk 1:31:15]}  g5 {[%clk 1:33:18]} 13. g4 {[%clk 1:31:24]}  f5 {[%clk 1:33:30]} 14. exf6 {[%clk 1:31:27]}  exf6 {[%clk 1:33:41]} 15. Qc2 {[%clk 1:31:00]}  Qe7 {[%clk 1:33:55]} 16. Rfe1 {[%clk 1:31:09]}  Qf7 {[%clk 1:34:15]} 17. Bf1 {[%clk 1:28:46]}  Na6 {[%clk 1:34:23]} 18. Bd3 {[%clk 1:28:35]}  Nf8 {[%clk 1:34:42]} 19. a3 {[%clk 1:28:43]}  Nc7 {[%clk 1:34:53]} 20. Ne4 {[%clk 1:28:43]}  Qe7 {[%clk 1:34:02]} 21. Ng3 {[%clk 1:26:46]}  Qf7 {[%clk 1:34:10]} 22. Nf5 {[%clk 1:25:36]}  Bxf5 {[%clk 1:34:12]} 23. Bxf5 {[%clk 1:25:48]}  Re7 {[%clk 1:34:18]} 24. Bd2 {[%clk 1:22:46]}  Rae8 {[%clk 1:34:33]} 25. Rxe7 {[%clk 1:18:03]}  Rxe7 {[%clk 1:34:43]} 26. Re1 {[%clk 1:18:31]}  Rxe1+ {[%clk 1:34:43]} 27. Bxe1 {[%clk 1:18:38]}  Nce6 {[%clk 1:34:51]} 28. Bd2 {[%clk 1:17:32]}  Qc7 {[%clk 1:33:42]} 29. Qe4 {[%clk 1:16:58]}  Kf7 {[%clk 1:33:36]} 30. Ne1 {[%clk 1:15:04]}  Qe7 {[%clk 1:33:38]} 31. Nd3 {[%clk 1:13:42]}  Nc7 {[%clk 1:33:55]} 32. Qf3 {[%clk 1:12:06]}  Ng6 {[%clk 1:33:47]} 33. Bxg6+ {[%clk 1:07:28]}  Kxg6 {[%clk 1:33:46]} 34. Qf5+ {[%clk 1:07:27]}  Kf7 {[%clk 1:33:22]} 35. Kf1 {[%clk 1:03:04]}  Qe6 {[%clk 1:33:26]} 36. Qa5 {[%clk 1:03:14]}  Na6 {[%clk 1:33:08]} 37. Qa4 {[%clk 0:59:09]}  Qe4 {[%clk 1:33:08]} 38. Qc2 {[%clk 0:59:14]}  Qh1+ {[%clk 1:33:20]} 39. Ke2 {[%clk 0:59:26]}  Qxh3 {[%clk 1:33:19]} 40. f3 {[%clk 0:59:25]}  Nc7 {[%clk 1:29:32]} 41. Nf2 {[%clk 0:59:10]}  Qh2 {[%clk 1:29:31]} 42. Qf5 {[%clk 0:58:54]}  Ne6 {[%clk 1:29:11]} 43. Be3 {[%clk 0:58:57]}  d5 {[%clk 1:28:49]} 44. cxd5 {[%clk 0:58:56]}  cxd5 {[%clk 1:29:06]} 45. Qxd5 {[%clk 0:59:21]}  Qc7 {[%clk 1:29:21]} 46. Qb3 {[%clk 0:58:12]}  Qe7 {[%clk 1:28:35]} 47. d5 {[%clk 0:58:02]}  Nd4+ {[%clk 1:28:49]} 48. Kd3 {[%clk 0:57:12]}  Nxb3 {[%clk 1:29:08]} 49. Ne4 {[%clk 0:57:05]}  b6 {[%clk 1:29:23]} 50. Kc2 {[%clk 0:56:11]}  Na5 {[%clk 1:27:42]} 51. Bd4 {[%clk 0:56:10]}  Nb7 {[%clk 1:27:45]} 52. b4 {[%clk 0:56:22]}  Qd7 {[%clk 1:28:11]} 53. Nc3 {[%clk 0:56:10]}  f5 {[%clk 1:28:29]} 54. Bxg7 {[%clk 0:55:55]}  Kxg7 {[%clk 1:28:51]} 0-1

[Event "45th FIDE Chess Olympiad Open"]
[Site "Budapest, Hungary"]
[Date "2024.09.20"]
[Round "9"]
[White "Tran, Tuan An"]
[Black "Roberts, Gennard"]
[Result "1-0"]
[Board "326"]
[WhiteFideId "31002706"]
[BlackFideId "23800330"]
[WhiteElo "1916"]
[BlackElo "1582"]
[WhiteTeam "Guam"]
[BlackTeam "Grenada"]
[WhiteClock "0:09:20"]
[BlackClock "0:07:29"]
[Variant "Standard"]

1. e4 {[%clk 1:30:57]}  c5 {[%clk 1:30:52]} 2. c3 {[%clk 1:31:18]}  d5 {[%clk 1:31:13]} 3. exd5 {[%clk 1:31:44]}  Qxd5 {[%clk 1:31:33]} 4. d4 {[%clk 1:32:11]}  Nf6 {[%clk 1:31:41]} 5. Nf3 {[%clk 1:32:33]}  e6 {[%clk 1:30:30]} 6. Na3 {[%clk 1:32:32]}  Nc6 {[%clk 1:29:52]} 7. Bd3 {[%clk 1:31:48]}  cxd4 {[%clk 1:24:53]} 8. Nb5 {[%clk 1:32:10]}  Qd8 {[%clk 1:24:49]} 9. Nbxd4 {[%clk 1:31:56]}  Be7 {[%clk 1:23:10]} 10. O-O {[%clk 1:26:04]}  O-O {[%clk 1:23:33]} 11. Qe2 {[%clk 1:26:32]}  a6 {[%clk 1:20:34]} 12. Rd1 {[%clk 1:24:59]}  Qc7 {[%clk 1:20:00]} 13. Bg5 {[%clk 1:24:31]}  h6 {[%clk 1:15:32]} 14. Bh4 {[%clk 1:24:53]}  Rd8 {[%clk 1:09:13]} 15. Rac1 {[%clk 1:00:52]}  Kh8 {[%clk 0:40:17]} 16. Nxc6 {[%clk 0:42:59]}  bxc6 {[%clk 0:40:35]} 17. Ne5 {[%clk 0:42:55]}  Kg8 {[%clk 0:40:28]} 18. Bxf6 {[%clk 0:37:24]}  Bxf6 {[%clk 0:40:25]} 19. Nxc6 {[%clk 0:37:39]}  Rxd3 {[%clk 0:38:31]} 20. Ne7+ {[%clk 0:35:59]}  Qxe7 {[%clk 0:37:15]} 21. Rxd3 {[%clk 0:36:18]}  a5 {[%clk 0:35:51]} 22. Rcd1 {[%clk 0:32:58]}  Ba6 {[%clk 0:35:17]} 23. Qe4 {[%clk 0:32:25]}  Rb8 {[%clk 0:29:59]} 24. Rd7 {[%clk 0:32:14]}  Qc5 {[%clk 0:29:36]} 25. h3 {[%clk 0:29:59]}  Bc4 {[%clk 0:27:28]} 26. b3 {[%clk 0:18:15]}  Bd5 {[%clk 0:27:29]} 27. Qf4 {[%clk 0:18:16]}  Qb6 {[%clk 0:16:47]} 28. c4 {[%clk 0:17:20]}  e5 {[%clk 0:16:31]} 29. Qg3 {[%clk 0:13:36]}  Be6 {[%clk 0:16:40]} 30. R7d6 {[%clk 0:13:34]}  Qb4 {[%clk 0:15:29]} 31. f4 {[%clk 0:11:46]}  exf4 {[%clk 0:15:04]} 32. Qxf4 {[%clk 0:11:30]}  Qc3 {[%clk 0:12:51]} 33. Rxe6 {[%clk 0:09:13]}  Rxb3 {[%clk 0:09:05]} 34. Re8+ {[%clk 0:09:07]}  Kh7 {[%clk 0:09:23]} 35. axb3 {[%clk 0:09:05]}  Qc2 {[%clk 0:07:29]} 36. Qe4+ {[%clk 0:09:20]} 1-0

[Event "45th FIDE Chess Olympiad Open"]
[Site "Budapest, Hungary"]
[Date "2024.09.20"]
[Round "9"]
[White "Koniahli, Malek"]
[Black "Kamara, Ansumana"]
[Result "1-0"]
[Board "329"]
[WhiteFideId "7603495"]
[BlackFideId "1622218"]
[WhiteTitle "FM"]
[BlackTitle "CM"]
[WhiteElo "2282"]
[BlackElo "1876"]
[WhiteTeam "Syria"]
[BlackTeam "Sierra Leone"]
[WhiteClock "0:48:07"]
[BlackClock "1:19:29"]
[Variant "Standard"]

1. e4 {[%clk 1:30:57]}  c5 {[%clk 1:30:53]} 2. Nf3 {[%clk 1:31:23]}  d6 {[%clk 1:31:14]} 3. d4 {[%clk 1:31:49]}  cxd4 {[%clk 1:31:34]} 4. Nxd4 {[%clk 1:32:13]}  Nf6 {[%clk 1:31:57]} 5. Nc3 {[%clk 1:32:40]}  a6 {[%clk 1:32:17]} 6. Be3 {[%clk 1:32:53]}  e5 {[%clk 1:32:31]} 7. Nb3 {[%clk 1:33:18]}  Be6 {[%clk 1:32:46]} 8. f3 {[%clk 1:33:25]}  Be7 {[%clk 1:32:57]} 9. Qd2 {[%clk 1:33:42]}  Qc7 {[%clk 1:30:45]} 10. O-O-O {[%clk 1:33:20]}  Nbd7 {[%clk 1:30:13]} 11. g4 {[%clk 1:33:03]}  b5 {[%clk 1:30:31]} 12. g5 {[%clk 1:19:21]}  Nh5 {[%clk 1:30:27]} 13. Nd5 {[%clk 1:19:32]}  Bxd5 {[%clk 1:30:13]} 14. exd5 {[%clk 1:19:56]}  Nb6 {[%clk 1:28:55]} 15. Na5 {[%clk 1:16:18]}  Rc8 {[%clk 1:28:47]} 16. Bh3 {[%clk 1:15:43]}  Nxd5 {[%clk 1:25:56]} 17. Bxc8 {[%clk 1:15:50]}  Nxe3 {[%clk 1:25:57]} 18. Bxa6 {[%clk 1:13:12]}  O-O {[%clk 1:24:55]} 19. Qxe3 {[%clk 0:58:00]}  Qxa5 {[%clk 1:25:04]} 20. Qa7 {[%clk 0:53:59]}  Bxg5+ {[%clk 1:23:29]} 21. Kb1 {[%clk 0:53:32]}  Rd8 {[%clk 1:22:36]} 22. Rd5 {[%clk 0:53:09]}  Nf4 {[%clk 1:21:53]} 23. Rxb5 {[%clk 0:53:25]}  Qd2 {[%clk 1:21:51]} 24. Rb8 {[%clk 0:53:04]}  Ne6 {[%clk 1:21:22]} 25. Bc4 {[%clk 0:50:24]}  d5 {[%clk 1:20:31]} 26. Rxd8+ {[%clk 0:47:46]}  Nxd8 {[%clk 1:20:43]} 27. Qd7 {[%clk 0:47:46]}  dxc4 {[%clk 1:19:29]} 28. Qe8# {[%clk 0:48:07]} 1-0

[Event "45th FIDE Chess Olympiad Open"]
[Site "Budapest, Hungary"]
[Date "2024.09.20"]
[Round "9"]
[White "Winston Gerald, Mansfield Thomas"]
[Black "Halwani,Talal."]
[Result "0-1"]
[Board "330"]
[WhiteFideId "17800048"]
[BlackFideId "7600410"]
[WhiteElo "1950"]
[BlackElo "2264"]
[WhiteTeam "Sierra Leone"]
[BlackTeam "Syria"]
[WhiteClock "0:37:30"]
[BlackClock "0:27:18"]
[Variant "Standard"]

1. d4 {[%clk 1:30:52]}  Nf6 {[%clk 1:30:51]} 2. Nf3 {[%clk 1:31:02]}  g6 {[%clk 1:30:50]} 3. c4 {[%clk 1:31:06]}  c5 {[%clk 1:30:54]} 4. d5 {[%clk 1:30:46]}  b5 {[%clk 1:30:44]} 5. cxb5 {[%clk 1:30:51]}  a6 {[%clk 1:31:09]} 6. Nc3 {[%clk 1:30:47]}  axb5 {[%clk 1:29:56]} 7. Nxb5 {[%clk 1:30:44]}  Ba6 {[%clk 1:30:13]} 8. Nc3 {[%clk 1:30:23]}  Bg7 {[%clk 1:28:35]} 9. g3 {[%clk 1:30:27]}  d6 {[%clk 1:26:58]} 10. Bg2 {[%clk 1:30:10]}  Nbd7 {[%clk 1:26:55]} 11. O-O {[%clk 1:30:06]}  Nb6 {[%clk 1:18:11]} 12. Re1 {[%clk 1:29:57]}  O-O {[%clk 1:18:34]} 13. e4 {[%clk 1:30:06]}  Nc4 {[%clk 1:15:58]} 14. Nd2 {[%clk 1:24:23]}  Ne5 {[%clk 1:12:35]} 15. Bf1 {[%clk 1:17:11]}  Qc8 {[%clk 1:08:09]} 16. Na4 {[%clk 1:10:37]}  Bxf1 {[%clk 1:01:28]} 17. Rxf1 {[%clk 1:07:10]}  Qh3 {[%clk 0:56:31]} 18. f3 {[%clk 0:57:39]}  Nfg4 {[%clk 0:56:38]} 19. Qe2 {[%clk 0:50:38]}  Rxa4 {[%clk 0:53:33]} 20. fxg4 {[%clk 0:51:01]}  Nxg4 {[%clk 0:52:15]} 21. Rf4 {[%clk 0:46:58]}  Ne5 {[%clk 0:47:45]} 22. b3 {[%clk 0:44:02]}  Rd4 {[%clk 0:25:20]} 23. Rh4 {[%clk 0:42:51]}  Qd7 {[%clk 0:25:06]} 24. Bb2 {[%clk 0:41:38]}  Rxd2 {[%clk 0:25:29]} 25. Qxd2 {[%clk 0:37:01]}  Nf3+ {[%clk 0:25:43]} 26. Kf2 {[%clk 0:36:25]}  Nxd2 {[%clk 0:26:03]} 27. Bxg7 {[%clk 0:36:36]}  Kxg7 {[%clk 0:26:27]} 28. Ke3 {[%clk 0:36:57]}  Nxb3 {[%clk 0:26:21]} 29. axb3 {[%clk 0:37:19]}  Rb8 {[%clk 0:26:46]} 30. Rb1 {[%clk 0:37:22]}  g5 {[%clk 0:27:01]} 31. Rh5 {[%clk 0:37:30]}  Qg4 {[%clk 0:27:18]} 0-1

[Event "45th FIDE Chess Olympiad Open"]
[Site "Budapest, Hungary"]
[Date "2024.09.20"]
[Round "9"]
[White "Allatif, Kinan"]
[Black "Adeshole Beckley, Brian"]
[Result "1-0"]
[Board "331"]
[WhiteFideId "7603673"]
[BlackFideId "17800013"]
[WhiteElo "1881"]
[BlackElo "1814"]
[WhiteTeam "Syria"]
[BlackTeam "Sierra Leone"]
[WhiteClock "0:46:12"]
[BlackClock "1:21:31"]
[Variant "Standard"]

1. Nf3 {[%clk 1:30:47]}  d5 {[%clk 1:29:50]} 2. d4 {[%clk 1:31:06]}  Nf6 {[%clk 1:29:46]} 3. c4 {[%clk 1:31:26]}  c6 {[%clk 1:29:33]} 4. Nc3 {[%clk 1:31:43]}  e6 {[%clk 1:29:35]} 5. e3 {[%clk 1:31:55]}  Nbd7 {[%clk 1:28:58]} 6. Bd3 {[%clk 1:31:53]}  dxc4 {[%clk 1:29:06]} 7. Bxc4 {[%clk 1:32:14]}  b5 {[%clk 1:29:27]} 8. Bd3 {[%clk 1:31:01]}  a6 {[%clk 1:29:33]} 9. O-O {[%clk 1:22:37]}  c5 {[%clk 1:30:00]} 10. b3 {[%clk 1:21:32]}  cxd4 {[%clk 1:30:24]} 11. exd4 {[%clk 1:20:56]}  Bb7 {[%clk 1:30:48]} 12. Re1 {[%clk 1:17:55]}  Rc8 {[%clk 1:30:57]} 13. Bb2 {[%clk 1:17:07]}  Bb4 {[%clk 1:30:34]} 14. Ne4 {[%clk 1:05:56]}  Bxe1 {[%clk 1:30:40]} 15. Nd6+ {[%clk 1:05:41]}  Kf8 {[%clk 1:29:58]} 16. Qxe1 {[%clk 1:00:05]}  Bxf3 {[%clk 1:28:38]} 17. Nxc8 {[%clk 0:59:55]}  Qxc8 {[%clk 1:28:55]} 18. gxf3 {[%clk 1:00:01]}  g6 {[%clk 1:28:03]} 19. Rc1 {[%clk 0:58:32]}  Qb7 {[%clk 1:27:57]} 20. Be4 {[%clk 0:57:50]}  Nxe4 {[%clk 1:28:13]} 21. fxe4 {[%clk 0:58:11]}  Kg7 {[%clk 1:26:08]} 22. d5+ {[%clk 0:51:38]}  Nf6 {[%clk 1:26:23]} 23. Rc6 {[%clk 0:48:03]}  Re8 {[%clk 1:25:26]} 24. Bxf6+ {[%clk 0:46:14]}  Kxf6 {[%clk 1:25:45]} 25. Qc3+ {[%clk 0:46:37]}  Kg5 {[%clk 1:25:03]} 26. Qg3+ {[%clk 0:45:44]}  Kh6 {[%clk 1:25:12]} 27. Qf4+ {[%clk 0:45:55]}  Kg7 {[%clk 1:25:01]} 28. Rc7 {[%clk 0:46:06]}  Qb6 {[%clk 1:21:22]} 29. Qxf7+ {[%clk 0:46:08]}  Kh6 {[%clk 1:21:46]} 30. Qf4+ {[%clk 0:45:27]}  g5 {[%clk 1:21:38]} 31. Qf6+ {[%clk 0:45:48]}  Kh5 {[%clk 1:21:31]} 32. Rxh7+ {[%clk 0:46:12]} 1-0

[Event "45th FIDE Chess Olympiad Open"]
[Site "Budapest, Hungary"]
[Date "2024.09.20"]
[Round "9"]
[White "Abdul Rahman Toronka"]
[Black "Khalil, Manar"]
[Result "0-1"]
[Board "332"]
[WhiteFideId "17800269"]
[BlackFideId "7604661"]
[BlackTitle "WFM"]
[WhiteElo "1557"]
[BlackElo "1887"]
[WhiteTeam "Sierra Leone"]
[BlackTeam "Syria"]
[WhiteClock "1:05:45"]
[BlackClock "0:25:56"]
[Variant "Standard"]

1. e4 {[%clk 1:30:57]}  c5 {[%clk 1:30:48]} 2. Bc4 {[%clk 1:31:12]}  Nc6 {[%clk 1:30:41]} 3. Nf3 {[%clk 1:31:28]}  e6 {[%clk 1:29:57]} 4. Qe2 {[%clk 1:31:26]}  d6 {[%clk 1:29:06]} 5. Nc3 {[%clk 1:31:11]}  Nf6 {[%clk 1:28:25]} 6. a4 {[%clk 1:30:58]}  Be7 {[%clk 1:28:09]} 7. d3 {[%clk 1:31:06]}  O-O {[%clk 1:27:05]} 8. Bg5 {[%clk 1:30:33]}  b6 {[%clk 1:24:04]} 9. Bb5 {[%clk 1:29:28]}  Bb7 {[%clk 1:22:56]} 10. O-O {[%clk 1:29:25]}  a6 {[%clk 1:14:46]} 11. Bc4 {[%clk 1:29:37]}  Rc8 {[%clk 1:14:26]} 12. Rfe1 {[%clk 1:29:24]}  Nd7 {[%clk 1:12:42]} 13. Bxe7 {[%clk 1:28:55]}  Qxe7 {[%clk 1:13:03]} 14. Nd1 {[%clk 1:26:55]}  Nde5 {[%clk 1:09:40]} 15. Nxe5 {[%clk 1:26:40]}  Nxe5 {[%clk 1:10:00]} 16. Ba2 {[%clk 1:26:37]}  Rfe8 {[%clk 1:09:26]} 17. Ne3 {[%clk 1:26:25]}  Ng6 {[%clk 1:07:50]} 18. Nc4 {[%clk 1:23:58]}  b5 {[%clk 1:03:48]} 19. axb5 {[%clk 1:24:16]}  axb5 {[%clk 1:04:08]} 20. Nd2 {[%clk 1:24:30]}  Ra8 {[%clk 0:58:49]} 21. Bb3 {[%clk 1:24:32]}  Bc6 {[%clk 0:52:25]} 22. Kh1 {[%clk 1:23:01]}  Qf6 {[%clk 0:49:48]} 23. c3 {[%clk 1:21:22]}  Nf4 {[%clk 0:47:51]} 24. Qf3 {[%clk 1:19:57]}  Qg5 {[%clk 0:46:57]} 25. g3 {[%clk 1:16:46]}  Ng6 {[%clk 0:44:11]} 26. Qe3 {[%clk 1:16:33]}  Qxe3 {[%clk 0:42:19]} 27. fxe3 {[%clk 1:16:56]}  Ne5 {[%clk 0:41:58]} 28. Bc2 {[%clk 1:15:45]}  Ng4 {[%clk 0:40:05]} 29. Nf1 {[%clk 1:14:51]}  f5 {[%clk 0:37:12]} 30. Kg1 {[%clk 1:13:48]}  fxe4 {[%clk 0:34:33]} 31. dxe4 {[%clk 1:14:08]}  Rf8 {[%clk 0:33:40]} 32. h3 {[%clk 1:12:50]}  Nf2 {[%clk 0:30:23]} 33. h4 {[%clk 1:09:44]}  Bxe4 {[%clk 0:27:41]} 34. Bxe4 {[%clk 1:09:56]}  Nxe4 {[%clk 0:28:02]} 35. Rxa8 {[%clk 1:09:49]}  Rxa8 {[%clk 0:28:23]} 36. Re2 {[%clk 1:10:11]}  Ra1 {[%clk 0:28:06]} 37. Rg2 {[%clk 1:08:04]}  h5 {[%clk 0:26:29]} 38. b4 {[%clk 1:06:57]}  Nxc3 {[%clk 0:24:37]} 39. bxc5 {[%clk 1:07:15]}  dxc5 {[%clk 0:25:02]} 40. g4 {[%clk 1:06:42]}  Nd5 {[%clk 0:24:30]} 41. gxh5 {[%clk 1:04:48]}  Nxe3 {[%clk 0:24:25]} 42. Rf2 {[%clk 1:04:22]}  Rxf1+ {[%clk 0:24:22]} 43. Rxf1 {[%clk 1:04:41]}  Nxf1 {[%clk 0:24:48]} 44. Kxf1 {[%clk 1:05:05]}  b4 {[%clk 0:25:10]} 45. Ke2 {[%clk 1:05:27]}  e5 {[%clk 0:25:24]} 46. Kd3 {[%clk 1:05:25]}  Kh7 {[%clk 0:25:41]} 47. Kc4 {[%clk 1:05:45]}  Kh6 {[%clk 0:25:56]} 0-1

[Event "45th FIDE Chess Olympiad Open"]
[Site "Budapest, Hungary"]
[Date "2024.09.20"]
[Round "9"]
[White "Misambo .J. KIlasa"]
[Black "Van Bemmelen, Ursus"]
[Result "1/2-1/2"]
[Board "333"]
[WhiteFideId "21601631"]
[BlackFideId "7501013"]
[BlackTitle "FM"]
[WhiteElo "1959"]
[BlackElo "2146"]
[WhiteTeam "Tanzania"]
[BlackTeam "Netherlands Antilles"]
[WhiteClock "0:27:24"]
[BlackClock "0:00:56"]
[Variant "Standard"]

1. d4 {[%clk 1:30:46]}  Nf6 {[%clk 1:30:43]} 2. c4 {[%clk 1:31:08]}  e6 {[%clk 1:31:04]} 3. Bg5 {[%clk 1:31:13]}  d5 {[%clk 1:31:10]} 4. Nc3 {[%clk 1:31:29]}  Be7 {[%clk 1:31:16]} 5. e3 {[%clk 1:31:28]}  Nbd7 {[%clk 1:30:23]} 6. Nf3 {[%clk 1:31:45]}  O-O {[%clk 1:30:10]} 7. a3 {[%clk 1:31:04]}  h6 {[%clk 1:26:06]} 8. Bh4 {[%clk 1:31:23]}  Ne4 {[%clk 1:22:58]} 9. Bxe7 {[%clk 1:27:14]}  Qxe7 {[%clk 1:23:20]} 10. Qc2 {[%clk 1:26:56]}  Nxc3 {[%clk 1:18:32]} 11. bxc3 {[%clk 1:25:53]}  dxc4 {[%clk 1:15:36]} 12. Bxc4 {[%clk 1:25:40]}  Re8 {[%clk 1:03:54]} 13. O-O {[%clk 1:25:22]}  e5 {[%clk 1:03:20]} 14. Rfb1 {[%clk 1:18:06]}  e4 {[%clk 1:01:27]} 15. Nd2 {[%clk 1:18:09]}  Nb6 {[%clk 0:45:14]} 16. Be2 {[%clk 1:17:03]}  Bf5 {[%clk 0:43:07]} 17. Rb5 {[%clk 1:16:28]}  Bg6 {[%clk 0:41:00]} 18. a4 {[%clk 1:15:05]}  c6 {[%clk 0:40:17]} 19. Rb3 {[%clk 1:10:54]}  f5 {[%clk 0:38:54]} 20. a5 {[%clk 1:09:58]}  Nd5 {[%clk 0:38:10]} 21. c4 {[%clk 1:08:04]}  Nb4 {[%clk 0:24:29]} 22. Qb2 {[%clk 1:06:27]}  c5 {[%clk 0:24:51]} 23. dxc5 {[%clk 1:06:44]}  Na6 {[%clk 0:25:03]} 24. Rxb7 {[%clk 1:06:48]}  Qf8 {[%clk 0:25:03]} 25. c6 {[%clk 1:04:11]}  Nc5 {[%clk 0:25:14]} 26. a6 {[%clk 1:02:01]}  Rec8 {[%clk 0:23:39]} 27. Qb5 {[%clk 0:56:44]}  Qd6 {[%clk 0:23:19]} 28. Qb2 {[%clk 0:53:10]}  Bf7 {[%clk 0:21:42]} 29. Nb3 {[%clk 0:50:47]}  Nxb3 {[%clk 0:20:13]} 30. Qxb3 {[%clk 0:50:14]}  Qxc6 {[%clk 0:20:07]} 31. Rd1 {[%clk 0:43:42]}  Bxc4 {[%clk 0:10:49]} 32. Bxc4+ {[%clk 0:38:51]}  Qxc4 {[%clk 0:11:16]} 33. Rd8+ {[%clk 0:39:05]}  Kh7 {[%clk 0:10:55]} 34. Rxc8 {[%clk 0:37:39]}  Qxb3 {[%clk 0:10:01]} 35. Rxb3 {[%clk 0:37:54]}  Rxc8 {[%clk 0:10:26]} 36. h4 {[%clk 0:37:48]}  Rc1+ {[%clk 0:10:51]} 37. Kh2 {[%clk 0:38:05]}  Ra1 {[%clk 0:11:16]} 38. Rb5 {[%clk 0:37:45]}  Kg6 {[%clk 0:11:11]} 39. Kg3 {[%clk 0:36:55]}  Rxa6 {[%clk 0:03:01]} 40. Kf4 {[%clk 0:36:42]}  Ra2 {[%clk 0:03:27]} 41. h5+ {[%clk 0:34:51]}  Kxh5 {[%clk 0:03:29]} 42. Rxf5+ {[%clk 0:28:03]}  Kg6 {[%clk 0:03:28]} 43. Kg4 {[%clk 0:27:56]}  h5+ {[%clk 0:00:56]} 44. Rxh5 {[%clk 0:27:29]}  Rxf2 {[%clk 0:01:12]} 45. Ra5 {[%clk 0:27:24]}  Rxg2+ {[%clk 0:00:56]} 1/2-1/2

[Event "45th FIDE Chess Olympiad Open"]
[Site "Budapest, Hungary"]
[Date "2024.09.20"]
[Round "9"]
[White "Capella, Rurik"]
[Black "Veer Gandhi"]
[Result "1/2-1/2"]
[Board "334"]
[WhiteFideId "7501005"]
[BlackFideId "21600155"]
[WhiteTitle "FM"]
[WhiteElo "1971"]
[BlackElo "1792"]
[WhiteTeam "Netherlands Antilles"]
[BlackTeam "Tanzania"]
[WhiteClock "0:14:34"]
[BlackClock "0:01:07"]
[Variant "Standard"]

1. e4 {[%clk 1:30:58]}  c6 {[%clk 1:30:53]} 2. d4 {[%clk 1:31:02]}  d5 {[%clk 1:31:16]} 3. f3 {[%clk 1:31:15]}  Qb6 {[%clk 1:31:34]} 4. Nc3 {[%clk 1:31:27]}  dxe4 {[%clk 1:23:06]} 5. fxe4 {[%clk 1:29:20]}  e5 {[%clk 1:22:54]} 6. Nf3 {[%clk 1:23:48]}  exd4 {[%clk 1:10:04]} 7. Qxd4 {[%clk 1:23:18]}  Qxd4 {[%clk 1:06:40]} 8. Nxd4 {[%clk 1:23:46]}  g6 {[%clk 1:03:16]} 9. Bc4 {[%clk 1:16:42]}  Bg7 {[%clk 1:02:30]} 10. Be3 {[%clk 1:15:53]}  Nh6 {[%clk 0:53:41]} 11. h3 {[%clk 1:09:58]}  Nd7 {[%clk 0:48:24]} 12. a4 {[%clk 1:08:09]}  Ne5 {[%clk 0:45:58]} 13. Bb3 {[%clk 1:02:51]}  Ke7 {[%clk 0:44:45]} 14. Nde2 {[%clk 0:57:02]}  f6 {[%clk 0:25:23]} 15. Bc5+ {[%clk 0:42:32]}  Ke8 {[%clk 0:25:43]} 16. a5 {[%clk 0:40:19]}  Bf8 {[%clk 0:18:48]} 17. Be3 {[%clk 0:40:04]}  Nhf7 {[%clk 0:17:39]} 18. O-O {[%clk 0:35:03]}  Be7 {[%clk 0:15:04]} 19. Nd4 {[%clk 0:30:19]}  Kf8 {[%clk 0:12:50]} 20. Nce2 {[%clk 0:27:43]}  Kg7 {[%clk 0:08:50]} 21. Nf4 {[%clk 0:27:42]}  Nd8 {[%clk 0:07:11]} 22. Rad1 {[%clk 0:25:23]}  c5 {[%clk 0:07:04]} 23. Nde6+ {[%clk 0:23:25]}  Nxe6 {[%clk 0:07:07]} 24. Nxe6+ {[%clk 0:22:02]}  Bxe6 {[%clk 0:07:27]} 25. Bxe6 {[%clk 0:22:29]}  Rad8 {[%clk 0:05:05]} 26. Bd5 {[%clk 0:20:51]}  b6 {[%clk 0:02:09]} 27. axb6 {[%clk 0:18:54]}  axb6 {[%clk 0:02:34]} 28. c4 {[%clk 0:19:03]}  Bd6 {[%clk 0:01:57]} 29. Ra1 {[%clk 0:19:09]}  Rd7 {[%clk 0:01:57]} 30. Ra6 {[%clk 0:18:22]}  Rb8 {[%clk 0:01:47]} 31. Rfa1 {[%clk 0:16:44]}  g5 {[%clk 0:01:07]} 32. Ra7 {[%clk 0:14:34]} 1/2-1/2

[Event "45th FIDE Chess Olympiad Open"]
[Site "Budapest, Hungary"]
[Date "2024.09.20"]
[Round "9"]
[White "Hassuji, Nurdin"]
[Black "Van Opstal, Rurik"]
[Result "0-1"]
[Board "335"]
[WhiteFideId "10001670"]
[BlackFideId "7502621"]
[WhiteTitle "CM"]
[WhiteElo "1847"]
[BlackElo "2006"]
[WhiteTeam "Tanzania"]
[BlackTeam "Netherlands Antilles"]
[WhiteClock "0:02:42"]
[BlackClock "0:44:41"]
[Variant "Standard"]

1. e4 {[%clk 1:30:51]}  c5 {[%clk 1:30:54]} 2. Nf3 {[%clk 1:31:14]}  d6 {[%clk 1:31:19]} 3. d4 {[%clk 1:31:37]}  cxd4 {[%clk 1:31:42]} 4. Nxd4 {[%clk 1:31:58]}  Nf6 {[%clk 1:32:08]} 5. Nc3 {[%clk 1:32:22]}  g6 {[%clk 1:32:33]} 6. Be3 {[%clk 1:32:06]}  Bg7 {[%clk 1:32:57]} 7. f3 {[%clk 1:32:26]}  O-O {[%clk 1:33:22]} 8. Qd2 {[%clk 1:32:15]}  Nc6 {[%clk 1:33:47]} 9. O-O-O {[%clk 1:32:09]}  d5 {[%clk 1:34:06]} 10. exd5 {[%clk 1:31:06]}  Nxd5 {[%clk 1:34:31]} 11. Nxc6 {[%clk 1:30:42]}  bxc6 {[%clk 1:34:58]} 12. Bd4 {[%clk 1:30:20]}  e5 {[%clk 1:35:05]} 13. Bc5 {[%clk 1:29:55]}  Re8 {[%clk 1:35:29]} 14. Ne4 {[%clk 1:28:23]}  Qc7 {[%clk 1:33:21]} 15. g4 {[%clk 1:22:48]}  Be6 {[%clk 1:26:21]} 16. h4 {[%clk 1:16:15]}  Red8 {[%clk 1:23:14]} 17. Qe1 {[%clk 1:03:49]}  h6 {[%clk 1:08:42]} 18. Bd3 {[%clk 0:43:49]}  Nf4 {[%clk 1:08:01]} 19. Kb1 {[%clk 0:33:22]}  Rab8 {[%clk 1:05:30]} 20. g5 {[%clk 0:28:41]}  Qb7 {[%clk 0:59:01]} 21. b3 {[%clk 0:24:28]}  Nxd3 {[%clk 0:59:09]} 22. Rxd3 {[%clk 0:14:06]}  Rxd3 {[%clk 0:59:21]} 23. cxd3 {[%clk 0:12:57]}  Bxb3 {[%clk 0:51:54]} 24. axb3 {[%clk 0:06:28]}  Qxb3+ {[%clk 0:52:00]} 25. Kc1 {[%clk 0:06:55]}  Qxd3 {[%clk 0:46:19]} 26. Nc3 {[%clk 0:02:42]}  e4 {[%clk 0:44:41]} 0-1